<?xml version="1.0" encoding="UTF-8"?>
<record
    xmlns:xsi="http://www.w3.org/2001/XMLSchema-instance"
    xsi:schemaLocation="http://www.loc.gov/MARC21/slim http://www.loc.gov/standards/marcxml/schema/MARC21slim.xsd"
    xmlns="http://www.loc.gov/MARC21/slim">

  <leader>00680nam a22002417a 4500</leader>
  <controlfield tag="003">BD-DhUIB</controlfield>
  <controlfield tag="005">20210321143959.0</controlfield>
  <controlfield tag="008">210321b           ||||| |||| 00| 0 eng d</controlfield>
  <datafield tag="020" ind1=" " ind2=" ">
    <subfield code="a">978007014494</subfield>
  </datafield>
  <datafield tag="020" ind1=" " ind2=" ">
    <subfield code="a">007014494</subfield>
  </datafield>
  <datafield tag="040" ind1=" " ind2=" ">
    <subfield code="a">BD-DhUIB</subfield>
    <subfield code="c">BD-DhUIB</subfield>
  </datafield>
  <datafield tag="082" ind1=" " ind2=" ">
    <subfield code="2">22</subfield>
    <subfield code="a">658.403</subfield>
  </datafield>
  <datafield tag="100" ind1=" " ind2=" ">
    <subfield code="a">O'Brien, James A.</subfield>
    <subfield code="9">140</subfield>
  </datafield>
  <datafield tag="245" ind1=" " ind2=" ">
    <subfield code="a">Management information system /</subfield>
    <subfield code="b">by James A. O'Brien, George M. Marakas &amp; Ramesh Behl.</subfield>
  </datafield>
  <datafield tag="250" ind1=" " ind2=" ">
    <subfield code="a">9th ed.</subfield>
  </datafield>
  <datafield tag="260" ind1=" " ind2=" ">
    <subfield code="a">New Delhi :</subfield>
    <subfield code="b">Mc-Graw Hill,</subfield>
    <subfield code="c">c2009.</subfield>
  </datafield>
  <datafield tag="300" ind1=" " ind2=" ">
    <subfield code="a">xxx, 830p. :</subfield>
    <subfield code="b">ill. ;</subfield>
    <subfield code="e">24 cm.</subfield>
  </datafield>
  <datafield tag="526" ind1=" " ind2=" ">
    <subfield code="a">BBA.</subfield>
  </datafield>
  <datafield tag="650" ind1=" " ind2=" ">
    <subfield code="2">Management.</subfield>
  </datafield>
  <datafield tag="700" ind1=" " ind2=" ">
    <subfield code="a">Marakas, George M.</subfield>
    <subfield code="9">141</subfield>
  </datafield>
  <datafield tag="700" ind1=" " ind2=" ">
    <subfield code="a">Behl, Ramesh.</subfield>
    <subfield code="9">142</subfield>
  </datafield>
  <datafield tag="942" ind1=" " ind2=" ">
    <subfield code="2">ddc</subfield>
    <subfield code="c">BK</subfield>
  </datafield>
  <datafield tag="999" ind1=" " ind2=" ">
    <subfield code="c">76</subfield>
    <subfield code="d">76</subfield>
  </datafield>
  <datafield tag="952" ind1=" " ind2=" ">
    <subfield code="0">0</subfield>
    <subfield code="1">0</subfield>
    <subfield code="2">ddc</subfield>
    <subfield code="4">0</subfield>
    <subfield code="7">0</subfield>
    <subfield code="8">FIC</subfield>
    <subfield code="a">IBAL</subfield>
    <subfield code="b">IBAL</subfield>
    <subfield code="c">GEN</subfield>
    <subfield code="d">2011-03-24</subfield>
    <subfield code="e">Mummick &amp; Brothers</subfield>
    <subfield code="l">0</subfield>
    <subfield code="o">658.4038 Ob6m 9th ed.</subfield>
    <subfield code="p">00049947</subfield>
    <subfield code="r">2021-03-21 00:00:00</subfield>
    <subfield code="t">C-1</subfield>
    <subfield code="w">2021-03-21</subfield>
    <subfield code="y">BK</subfield>
  </datafield>
  <datafield tag="952" ind1=" " ind2=" ">
    <subfield code="0">0</subfield>
    <subfield code="1">0</subfield>
    <subfield code="2">ddc</subfield>
    <subfield code="4">0</subfield>
    <subfield code="7">0</subfield>
    <subfield code="8">FIC</subfield>
    <subfield code="a">IBAL</subfield>
    <subfield code="b">IBAL</subfield>
    <subfield code="c">GEN</subfield>
    <subfield code="d">2011-03-24</subfield>
    <subfield code="e">Mummick &amp; Brothers</subfield>
    <subfield code="o">658.4038 Ob6m 9th ed.</subfield>
    <subfield code="p">00049948</subfield>
    <subfield code="r">2021-03-21 00:00:00</subfield>
    <subfield code="t">C-2</subfield>
    <subfield code="w">2021-03-21</subfield>
    <subfield code="y">BK</subfield>
  </datafield>
  <datafield tag="952" ind1=" " ind2=" ">
    <subfield code="0">0</subfield>
    <subfield code="1">0</subfield>
    <subfield code="2">ddc</subfield>
    <subfield code="4">0</subfield>
    <subfield code="7">0</subfield>
    <subfield code="8">FIC</subfield>
    <subfield code="a">IBAL</subfield>
    <subfield code="b">IBAL</subfield>
    <subfield code="c">GEN</subfield>
    <subfield code="d">2011-03-24</subfield>
    <subfield code="e">Mummick &amp; Brothers</subfield>
    <subfield code="o">658.4038 Ob6m 9th ed.</subfield>
    <subfield code="p">00049949</subfield>
    <subfield code="r">2021-03-21 00:00:00</subfield>
    <subfield code="t">C-3</subfield>
    <subfield code="w">2021-03-21</subfield>
    <subfield code="y">BK</subfield>
  </datafield>
  <datafield tag="952" ind1=" " ind2=" ">
    <subfield code="0">0</subfield>
    <subfield code="1">0</subfield>
    <subfield code="2">ddc</subfield>
    <subfield code="4">0</subfield>
    <subfield code="7">0</subfield>
    <subfield code="8">FIC</subfield>
    <subfield code="a">IBAL</subfield>
    <subfield code="b">IBAL</subfield>
    <subfield code="c">GEN</subfield>
    <subfield code="d">2011-03-24</subfield>
    <subfield code="e">Mummick &amp; Brothers</subfield>
    <subfield code="o">658.4038 Ob6m 9th ed.</subfield>
    <subfield code="p">00049950</subfield>
    <subfield code="r">2021-03-21 00:00:00</subfield>
    <subfield code="t">C-4</subfield>
    <subfield code="w">2021-03-21</subfield>
    <subfield code="y">BK</subfield>
  </datafield>
  <datafield tag="952" ind1=" " ind2=" ">
    <subfield code="0">0</subfield>
    <subfield code="1">0</subfield>
    <subfield code="2">ddc</subfield>
    <subfield code="4">0</subfield>
    <subfield code="7">0</subfield>
    <subfield code="8">FIC</subfield>
    <subfield code="a">IBAL</subfield>
    <subfield code="b">IBAL</subfield>
    <subfield code="c">GEN</subfield>
    <subfield code="d">2011-03-24</subfield>
    <subfield code="e">Mummick &amp; Brothers</subfield>
    <subfield code="o">658.4038 Ob6m 9th ed.</subfield>
    <subfield code="p">00049951</subfield>
    <subfield code="r">2021-03-21 00:00:00</subfield>
    <subfield code="t">C-5</subfield>
    <subfield code="w">2021-03-21</subfield>
    <subfield code="y">BK</subfield>
  </datafield>
  <datafield tag="952" ind1=" " ind2=" ">
    <subfield code="0">0</subfield>
    <subfield code="1">0</subfield>
    <subfield code="2">ddc</subfield>
    <subfield code="4">0</subfield>
    <subfield code="7">0</subfield>
    <subfield code="8">FIC</subfield>
    <subfield code="a">IBAL</subfield>
    <subfield code="b">IBAL</subfield>
    <subfield code="c">GEN</subfield>
    <subfield code="d">2011-03-24</subfield>
    <subfield code="e">Mummick &amp; Brothers</subfield>
    <subfield code="o">658.4038 Ob6m 9th ed.</subfield>
    <subfield code="p">00049952</subfield>
    <subfield code="r">2021-03-21 00:00:00</subfield>
    <subfield code="t">C-6</subfield>
    <subfield code="w">2021-03-21</subfield>
    <subfield code="y">BK</subfield>
  </datafield>
  <datafield tag="952" ind1=" " ind2=" ">
    <subfield code="0">0</subfield>
    <subfield code="1">0</subfield>
    <subfield code="2">ddc</subfield>
    <subfield code="4">0</subfield>
    <subfield code="7">0</subfield>
    <subfield code="8">FIC</subfield>
    <subfield code="a">IBAL</subfield>
    <subfield code="b">IBAL</subfield>
    <subfield code="c">GEN</subfield>
    <subfield code="d">2011-03-24</subfield>
    <subfield code="e">Mummick &amp; Brothers</subfield>
    <subfield code="o">658.4038 Ob6m 9th ed.</subfield>
    <subfield code="p">00049953</subfield>
    <subfield code="r">2021-03-21 00:00:00</subfield>
    <subfield code="t">C-7</subfield>
    <subfield code="w">2021-03-21</subfield>
    <subfield code="y">BK</subfield>
  </datafield>
  <datafield tag="952" ind1=" " ind2=" ">
    <subfield code="0">0</subfield>
    <subfield code="1">0</subfield>
    <subfield code="2">ddc</subfield>
    <subfield code="4">0</subfield>
    <subfield code="7">0</subfield>
    <subfield code="8">FIC</subfield>
    <subfield code="a">IBAL</subfield>
    <subfield code="b">IBAL</subfield>
    <subfield code="c">GEN</subfield>
    <subfield code="d">2011-03-24</subfield>
    <subfield code="e">Mummick &amp; Brothers</subfield>
    <subfield code="o">658.4038 Ob6m 9th ed.</subfield>
    <subfield code="p">00049954</subfield>
    <subfield code="r">2021-03-21 00:00:00</subfield>
    <subfield code="t">C-8</subfield>
    <subfield code="w">2021-03-21</subfield>
    <subfield code="y">BK</subfield>
  </datafield>
  <datafield tag="952" ind1=" " ind2=" ">
    <subfield code="0">0</subfield>
    <subfield code="1">0</subfield>
    <subfield code="2">ddc</subfield>
    <subfield code="4">0</subfield>
    <subfield code="7">0</subfield>
    <subfield code="8">FIC</subfield>
    <subfield code="a">IBAL</subfield>
    <subfield code="b">IBAL</subfield>
    <subfield code="c">GEN</subfield>
    <subfield code="d">2011-03-24</subfield>
    <subfield code="e">Mummick &amp; Brothers</subfield>
    <subfield code="o">658.4038 Ob6m 9th ed.</subfield>
    <subfield code="p">00049955</subfield>
    <subfield code="r">2021-03-21 00:00:00</subfield>
    <subfield code="t">C-9</subfield>
    <subfield code="w">2021-03-21</subfield>
    <subfield code="y">BK</subfield>
  </datafield>
  <datafield tag="952" ind1=" " ind2=" ">
    <subfield code="0">0</subfield>
    <subfield code="1">0</subfield>
    <subfield code="2">ddc</subfield>
    <subfield code="4">0</subfield>
    <subfield code="7">0</subfield>
    <subfield code="8">FIC</subfield>
    <subfield code="a">IBAL</subfield>
    <subfield code="b">IBAL</subfield>
    <subfield code="c">GEN</subfield>
    <subfield code="d">2011-03-24</subfield>
    <subfield code="e">Mummick &amp; Brothers</subfield>
    <subfield code="o">658.4038 Ob6m 9th ed.</subfield>
    <subfield code="p">00049956</subfield>
    <subfield code="r">2021-03-21 00:00:00</subfield>
    <subfield code="t">C-10</subfield>
    <subfield code="w">2021-03-21</subfield>
    <subfield code="y">BK</subfield>
  </datafield>
  <datafield tag="952" ind1=" " ind2=" ">
    <subfield code="0">0</subfield>
    <subfield code="1">0</subfield>
    <subfield code="2">ddc</subfield>
    <subfield code="4">0</subfield>
    <subfield code="7">0</subfield>
    <subfield code="8">FIC</subfield>
    <subfield code="a">IBAL</subfield>
    <subfield code="b">IBAL</subfield>
    <subfield code="c">GEN</subfield>
    <subfield code="d">2011-03-24</subfield>
    <subfield code="e">Mummick &amp; Brothers</subfield>
    <subfield code="o">658.4038 Ob6m 9th ed.</subfield>
    <subfield code="p">00049957</subfield>
    <subfield code="r">2021-03-21 00:00:00</subfield>
    <subfield code="t">C-11</subfield>
    <subfield code="w">2021-03-21</subfield>
    <subfield code="y">BK</subfield>
  </datafield>
  <datafield tag="952" ind1=" " ind2=" ">
    <subfield code="0">0</subfield>
    <subfield code="1">0</subfield>
    <subfield code="2">ddc</subfield>
    <subfield code="4">0</subfield>
    <subfield code="7">0</subfield>
    <subfield code="8">FIC</subfield>
    <subfield code="a">IBAL</subfield>
    <subfield code="b">IBAL</subfield>
    <subfield code="c">GEN</subfield>
    <subfield code="d">2011-03-24</subfield>
    <subfield code="e">Mummick &amp; Brothers</subfield>
    <subfield code="o">658.4038 Ob6m 9th ed.</subfield>
    <subfield code="p">00049958</subfield>
    <subfield code="r">2021-03-21 00:00:00</subfield>
    <subfield code="t">C-12</subfield>
    <subfield code="w">2021-03-21</subfield>
    <subfield code="y">BK</subfield>
  </datafield>
  <datafield tag="952" ind1=" " ind2=" ">
    <subfield code="0">0</subfield>
    <subfield code="1">0</subfield>
    <subfield code="2">ddc</subfield>
    <subfield code="4">0</subfield>
    <subfield code="7">0</subfield>
    <subfield code="8">FIC</subfield>
    <subfield code="a">IBAL</subfield>
    <subfield code="b">IBAL</subfield>
    <subfield code="c">GEN</subfield>
    <subfield code="d">2011-03-24</subfield>
    <subfield code="e">Mummick &amp; Brothers</subfield>
    <subfield code="o">658.4038 Ob6m 9th ed.</subfield>
    <subfield code="p">00049959</subfield>
    <subfield code="r">2021-03-21 00:00:00</subfield>
    <subfield code="t">C-13</subfield>
    <subfield code="w">2021-03-21</subfield>
    <subfield code="y">BK</subfield>
  </datafield>
  <datafield tag="952" ind1=" " ind2=" ">
    <subfield code="0">0</subfield>
    <subfield code="1">0</subfield>
    <subfield code="2">ddc</subfield>
    <subfield code="4">0</subfield>
    <subfield code="7">0</subfield>
    <subfield code="8">FIC</subfield>
    <subfield code="a">IBAL</subfield>
    <subfield code="b">IBAL</subfield>
    <subfield code="c">GEN</subfield>
    <subfield code="d">2011-03-24</subfield>
    <subfield code="e">Mummick &amp; Brothers</subfield>
    <subfield code="o">658.4038 Ob6m 9th ed.</subfield>
    <subfield code="p">00049960</subfield>
    <subfield code="r">2021-03-21 00:00:00</subfield>
    <subfield code="t">C-14</subfield>
    <subfield code="w">2021-03-21</subfield>
    <subfield code="y">BK</subfield>
  </datafield>
  <datafield tag="952" ind1=" " ind2=" ">
    <subfield code="0">0</subfield>
    <subfield code="1">0</subfield>
    <subfield code="2">ddc</subfield>
    <subfield code="4">0</subfield>
    <subfield code="7">0</subfield>
    <subfield code="8">FIC</subfield>
    <subfield code="a">IBAL</subfield>
    <subfield code="b">IBAL</subfield>
    <subfield code="c">GEN</subfield>
    <subfield code="d">2011-03-24</subfield>
    <subfield code="e">Mummick &amp; Brothers</subfield>
    <subfield code="o">658.4038 Ob6m 9th ed.</subfield>
    <subfield code="p">00049961</subfield>
    <subfield code="r">2021-03-21 00:00:00</subfield>
    <subfield code="t">C-15</subfield>
    <subfield code="w">2021-03-21</subfield>
    <subfield code="y">BK</subfield>
  </datafield>
</record>
